[Event "Berlin-ch Seniors op 30th"]
[Site "Berlin"]
[Date "2014.02.06"]
[Round "8"]
[White "Willin, Bernhard"]
[Black "Kohlstadt Erlebach, Paul"]
[Result "1-0"]
[WhiteElo "1854"]
[BlackElo "1722"]
[PlyCount "62"]
[EventDate "2014.01.30"]
[EventType "swiss"]
[EventRounds "9"]
[EventCountry "GER"]
[SourceTitle "EXT 2023"]
[Source "ChessBase"]
[SourceDate "2022.10.05"]
[SourceVersion "1"]
[SourceVersionDate "2022.10.05"]
[SourceQuality "1"]

1. e4 Nf6 2. Nc3 d5 3. e5 Nfd7 4. Nf3 e6 5. d4 a6 6. Ne2 c5 7. c3 Nc6 8. Ng3 Be7 9. Bd3 h6 10. 0-0 h5 11. Re1 g5 12. Be3 g4 13. Nd2 Bg5 14. Ndf1 Bxe3 15. fxe3 Qg5 16. Qd2 Nf8 17. Ne2 c4 18. Bc2 Bd7 19. Nf4 Ne7 20. Re2 Nfg6 21. Rf2 h4 22. Nxg6 Nxg6 23. Rf6 Ne7 24. Qe2 Ng8 25. Rf4 f5 26. exf6 Nxf6 27. Nd2 Ke7 28. Raf1 Raf8 29. b4 Nh5 30. Rxf8 Rxf8 31. Rxf8 Kxf8 1-0

[Event "Berlin-ch Seniors op 30th"]
[Site "Berlin"]
[Date "2014.02.01"]
[Round "3"]
[White "Kohlstadt Erlebach, Paul"]
[Black "Schroeder, Wolfgang"]
[Result "1-0"]
[WhiteElo "1722"]
[BlackElo "1522"]
[PlyCount "75"]
[EventDate "2014.01.30"]
[EventType "swiss"]
[EventRounds "9"]
[EventCountry "GER"]
[SourceTitle "EXT 2018"]
[Source "ChessBase"]
[SourceDate "2017.10.13"]
[SourceVersion "1"]
[SourceVersionDate "2017.10.13"]
[SourceQuality "1"]

1. e4 c5 2. Nf3 d6 3. d4 cxd4 4. Nxd4 Nf6 5. Nc3 a6 6. Be2 e5 7. Nf3 Be7 8. 0-0 0-0 9. h3 b5 10. a3 Bb7 11. Bd3 Qc7 12. Bg5 h6 13. Bxf6 Bxf6 14. Rc1 Nd7 15. Ne2 Nc5 16. Ng3 g6 17. c4 Nxd3 18. Qxd3 Qb6 19. cxb5 axb5 20. Rfd1 Be7 21. Qd2 Kh7 22. Nh2 Bg5 23. Qe2 Bxc1 24. Rxc1 Rac8 25. Rd1 Qc6 26. Ng4 f5 27. Nh2 fxe4 28. Qe3 d5 29. Ng4 g5 30. Nxe5 Qc2 31. Rd2 Qc1+ 32. Kh2 Rc2 33. Qb6 Bc6 34. Qc7+ Kg8 35. Nh5 Bd7 36. Qxd7 Rc7 37. Qxd5+ Kh8 38. Ng6+ 1-0

[Event "Berlin-ch Seniors op 27th"]
[Site "Berlin"]
[Date "2011.02.02"]
[Round "5"]
[White "Kohlstadt Erlebach, Paul"]
[Black "Steppan, Siegfried"]
[Result "1-0"]
[WhiteElo "1704"]
[BlackElo "1514"]
[PlyCount "57"]
[EventDate "2011.01.29"]
[EventType "swiss"]
[EventRounds "9"]
[EventCountry "GER"]
[SourceTitle "EXT 2012"]
[Source "ChessBase"]
[SourceDate "2011.11.24"]
[SourceVersion "1"]
[SourceVersionDate "2011.11.24"]
[SourceQuality "1"]

1. e4 c6 2. d4 d5 3. e5 Bf5 4. Bd3 Bxd3 5. Qxd3 e6 6. Nf3 Qb6 7. 0-0 Qa6 8. Qb3 c5 9. c3 Nd7 10. Be3 c4 11. Qc2 Ne7 12. Nbd2 Nf5 13. Ng5 h6 14. Nh3 Be7 15. Rae1 0-0 16. a3 Nxe3 17. fxe3 b5 18. e4 Nb6 19. Nf4 Bh4 20. Re3 Bg5 21. Rg3 Bxf4 22. Rxf4 Kh8 23. Rfg4 Rg8 24. Rh4 Qb7 25. exd5 Qe7 26. Rgh3 Qf8 27. Ne4 Nxd5 28. Nf6 Nxf6 29. exf6 1-0

[Event "Berlin-ch Seniors op 26th"]
[Site "Berlin"]
[Date "2010.02.11"]
[Round "3"]
[White "Kohlstadt Erlebach, Paul"]
[Black "Klein, Klaus"]
[Result "0-1"]
[WhiteElo "1703"]
[BlackElo "1864"]
[PlyCount "80"]
[EventDate "2010.02.09"]
[EventType "swiss"]
[EventRounds "9"]
[EventCountry "GER"]
[SourceTitle "EXT 2012"]
[Source "ChessBase"]
[SourceDate "2011.11.24"]
[SourceVersion "1"]
[SourceVersionDate "2011.11.24"]
[SourceQuality "1"]

1. e4 c6 2. d4 d5 3. exd5 cxd5 4. Bd3 Nf6 5. Ne2 Nc6 6. c3 e6 7. 0-0 Bd6 8. Bg5 Bxh2+ 9. Kh1 Bd6 10. Bh4 Bd7 11. Nd2 h6 12. Bg3 Qc7 13. b4 Nh5 14. Bxd6 Qxd6 15. Nf3 Nf4 16. Nxf4 Qxf4 17. Qe2 0-0 18. g3 Qd6 19. Kg2 Rae8 20. Ne5 f5 21. Rh1 Nxe5 22. dxe5 Qe7 23. Rh4 Rc8 24. Qd2 Kf7 25. Be2 Rh8 26. Rah1 Rcg8 27. Bh5+ g6 28. Be2 h5 29. Qd4 b6 30. Qd2 Bc6 31. Rd4 Qc7 32. f4 Rc8 33. Kh3 Rhd8 34. Rd1 b5 35. c4 bxc4 36. Bxc4 Ba4 37. Ba6 Bxd1 38. Bxc8 Bg4+ 39. Kg2 Rxc8 40. Rd3 Qc2 0-1

[Event "Berlin-ch Seniors op 26th"]
[Site "Berlin"]
[Date "2010.02.10"]
[Round "2"]
[White "Oppermann, Peter"]
[Black "Kohlstadt Erlebach, Paul"]
[Result "1/2-1/2"]
[WhiteElo "1854"]
[BlackElo "1703"]
[PlyCount "25"]
[EventDate "2010.02.09"]
[EventType "swiss"]
[EventRounds "9"]
[EventCountry "GER"]
[SourceTitle "EXT 2012"]
[Source "ChessBase"]
[SourceDate "2011.11.24"]
[SourceVersion "1"]
[SourceVersionDate "2011.11.24"]
[SourceQuality "1"]

1. d4 d5 2. c4 c6 3. Nf3 Nf6 4. Nc3 Bf5 5. e3 e6 6. Bd3 Bxd3 7. Qxd3 Nbd7 8. 0-0 Bd6 9. h3 h6 10. b3 0-0 11. Bb2 Re8 12. Rfe1 Rc8 13. e4 1/2-1/2

[Event "Berlin-ch Seniors op 24th"]
[Site "Berlin"]
[Date "2008.02.29"]
[Round "9"]
[White "Kohlstadt Erlebach, Paul"]
[Black "Busch, Klaus1111"]
[Result "1-0"]
[WhiteElo "1749"]
[BlackElo "1744"]
[PlyCount "59"]
[EventDate "2008.02.21"]
[EventType "swiss"]
[EventRounds "9"]
[EventCountry "GER"]
[SourceTitle "EXT 2022"]
[Source "ChessBase"]
[SourceDate "2021.10.06"]
[SourceVersion "1"]
[SourceVersionDate "2021.10.06"]
[SourceQuality "1"]

1. e4 c5 2. Nf3 e6 3. d4 cxd4 4. Nxd4 Nc6 5. Nc3 Bb4 6. Nxc6 bxc6 7. Bd2 d6 8. Qg4 Kf8 9. e5 a5 10. exd6 Nf6 11. Qf3 e5 12. Qxc6 Bd7 13. Qc7 Qe8 14. a3 Rc8 15. Qa7 Ra8 16. Qe3 Bxd6 17. Be2 h5 18. h3 Bc6 19. 0-0 Qb8 20. Bf3 Ra6 21. Bxc6 Rxc6 22. Ne4 Nd5 23. Qd3 Nf4 24. Bxf4 exf4 25. Rad1 Rh6 26. Rfe1 Rg6 27. Nxd6 Rcxd6 28. Qf5 Rdf6 29. Qxh5 f3 30. Qh8# 1-0

[Event "Berlin-ch Seniors op 23rd"]
[Site "Berlin"]
[Date "2007.02.10"]
[Round "6"]
[White "Kohlstadt Erlebach, Paul"]
[Black "Hoppe, Rainer"]
[Result "0-1"]
[WhiteElo "1705"]
[BlackElo "1806"]
[PlyCount "50"]
[EventDate "2007.02.05"]
[EventType "swiss"]
[EventRounds "9"]
[EventCountry "GER"]
[SourceTitle "EXT 2022"]
[Source "ChessBase"]
[SourceDate "2021.10.06"]
[SourceVersion "1"]
[SourceVersionDate "2021.10.06"]
[SourceQuality "1"]

1. e4 c5 2. Nf3 e6 3. d4 cxd4 4. Nxd4 a6 5. Nc3 Qc7 6. Bd3 Nc6 7. Nxc6 bxc6 8. 0-0 d5 9. exd5 cxd5 10. Re1 Bb7 11. a3 Nf6 12. Ne2 Bd6 13. h3 0-0 14. Bg5 Nd7 15. Rc1 Ne5 16. Nd4 Nxd3 17. Qxd3 Rfe8 18. c4 dxc4 19. Rxc4 Qa5 20. Bd2 Qd5 21. f3 e5 22. Qe2 Bc5 23. Bc3 Re6 24. Qe4 Qxc4 25. Qxb7 Rae8 0-1